000 01233cam a22002774a 4500
999 _c332006
_d332006
001 12695759
003 NUST
005 20171107105208.0
008 020308s2003 flua b 001 0 eng
010 _a 2002023757
020 _a1587161249 (alk. paper)
040 _aDLC
_cDLC
_dDLC
042 _apcc
050 0 0 _aTD430
_b.S47 2003
082 0 0 _a628.162 ARC
_221
100 1 _aSincero, Arcadio P.
_q(Arcadio Pacquiao)
_95721
245 1 0 _aPhysical-chemical treatment of water and wastewater /
_cArcadio P. Sincero, Sr., Gregoria A. Sincero.
260 _aLondon :
_bIWA Pub. ;
_aBoca Raton, Fla. :
_bCRC Press,
_cc2003.
300 _a832 p. :
_bill. ;
_c25 cm.
500 _aH.B
504 _aIncludes bibliographical references and index.
650 0 _aWater
_xPurification.
_9264
650 0 _aSewage
_xPurification.
_9265
700 1 _aSincero, Gregoria A.
_q(Gregoria Alivio)
_95722
856 4 2 _3Publisher description
_uhttp://www.loc.gov/catdir/enhancements/fy0646/2002023757-d.html
906 _a7
_bcbc
_corignew
_d1
_eocip
_f20
_gy-gencatlg
942 _2ddc
_cBK
_kIESE